| 000 | 00510nam a2200205Ia 4500 | ||
|---|---|---|---|
| 003 | OSt | ||
| 005 | 20140405093712.0 | ||
| 008 | 140130s9999 xx 000 0 und d | ||
| 020 | _a043944635X | ||
| 050 |
_aPZ 8.3 _b.H41347Mo 2002 |
||
| 100 |
_aHeling, Kathryn _930935 |
||
| 245 |
_cKathryn Heling _aMouse Makes Words / |
||
| 260 |
_bScholastic, _c2002. _aU.S.A : |
||
| 300 |
_a32 p. : _bcol. ill. ; _c24 cm. |
||
| 440 |
_v1 _930936 |
||
| 521 | _aG2 | ||
| 526 | _c310 | ||
| 942 |
_cBK _2lcc |
||
| 999 |
_c40146 _d40146 |
||